000 00496nam a2200169Ia 4500
003 GCL
005 20240530095829.0
008 140319s9999 xx 000 0 eng d
040 _aGCL /
_cGCL
082 0 4 _a782.26
_bE F
100 1 _aEVERIST, MARK
245 1 0 _aFRENCH MOTETS IN THE THIRTEENTH CENTURY MUSIC, POETRY, AND GENRE /
_cEVERIST, MARK
260 _a[S.N] :
_bCAMBRIDGE UNIVERSITY PRESS ،
_c1994
300 _a199P
650 0 4 _aMOTET FRENCH 550 . 1400 FRENCH MT
942 _2ddc
_cBK
999 _c11134
_d11134